[Event "Charleroi op"]
[Site "Charleroi"]
[Date "2018.07.28"]
[Round "1"]
[White "Goormachtigh, Johan"]
[Black "Callier, Christophe"]
[Result "1-0"]
[WhiteElo "2148"]
[BlackElo "1970"]
[PlyCount "61"]
[EventDate "2018.07.28"]
[EventType "swiss"]
[EventRounds "9"]
[EventCountry "BEL"]
[SourceTitle "CBM 185 Extra"]
[Source "ChessBase"]
[SourceDate "2018.07.29"]
[SourceVersion "1"]
[SourceVersionDate "2018.07.29"]
[SourceQuality "1"]

1. d4 Nf6 2. Nf3 g6 3. c4 Bg7 4. Nc3 0-0 5. e4 d6 6. Be2 e5 7. Be3 Ng4 8. Bg5 f6 9. Bh4 Nh6 10. dxe5 dxe5 11. Qxd8 Rxd8 12. Nd5 g5 13. Nxc7 gxh4 14. Nxa8 Na6 15. Rd1 Rxd1+ 16. Kxd1 Bf8 17. c5 Nxc5 18. Nc7 Nxe4 19. Bc4+ Nf7 20. Ke2 Bg4 21. Be6 Bh5 22. g4 hxg3 23. hxg3 Bg6 24. Nh4 Bc5 25. Nxg6 hxg6 26. Rd1 Bd4 27. Nb5 Bxb2 28. Rd8+ Kg7 29. Rd7 Neg5 30. Bxf7 Nxf7 31. Nd6 1-0

[Event "Charleroi op"]
[Site "Charleroi"]
[Date "2014.07.27"]
[Round "2"]
[White "Callier, Christophe"]
[Black "Gleizerov, Evgeny"]
[Result "0-1"]
[WhiteElo "2085"]
[BlackElo "2549"]
[PlyCount "56"]
[EventDate "2014.07.26"]
[EventType "swiss"]
[EventRounds "9"]
[EventCountry "BEL"]
[SourceTitle "EXT 2015"]
[Source "ChessBase"]
[SourceDate "2014.11.20"]
[SourceVersion "1"]
[SourceVersionDate "2014.11.20"]
[SourceQuality "1"]

1. e4 e6 2. d4 d5 3. Nc3 Nf6 4. Bg5 Be7 5. e5 Nfd7 6. h4 h6 7. Bxe7 Qxe7 8. f4 a6 9. Qg4 0-0 10. Nf3 c5 11. 0-0-0 Nc6 12. dxc5 f6 13. Qg3 Nxc5 14. Bd3 Bd7 15. h5 fxe5 16. fxe5 Nxd3+ 17. cxd3 Rf5 18. d4 Raf8 19. Rh4 Na5 20. Ne2 Nc4 21. Rd3 Rxf3 22. gxf3 Qb4 23. Rg4 Qxb2+ 24. Kd1 Ba4+ 25. Ke1 Qb1+ 26. Kf2 Qxd3 27. Rxg7+ Kh8 28. Kg1 Qe3+ 0-1

[Event "Salento op 3rd"]
[Site "Gallipoli"]
[Date "2014.05.17"]
[Round "1"]
[White "Callier, Christophe"]
[Black "Naumkin, Igor"]
[Result "0-1"]
[WhiteElo "2077"]
[BlackElo "2430"]
[PlyCount "74"]
[EventDate "2014.05.17"]
[EventType "swiss"]
[EventRounds "9"]
[EventCountry "ITA"]
[SourceTitle "CBM 160 Extra"]
[Source "ChessBase"]
[SourceDate "2014.07.01"]
[SourceVersion "1"]
[SourceVersionDate "2014.07.01"]
[SourceQuality "1"]

1. e4 e6 2. d4 d5 3. Nc3 Nf6 4. Bg5 Be7 5. e5 Nfd7 6. h4 a6 7. Qg4 Bxg5 8. hxg5 c5 9. Nf3 cxd4 10. Qxd4 Nc6 11. Qf4 b5 12. 0-0-0 b4 13. Ne4 dxe4 14. Qxe4 Qc7 15. Rxh7 Rxh7 16. Qxh7 Ncxe5 17. Qxg7 Nxf3 18. gxf3 Qe5 19. Qg8+ Nf8 20. Bd3 Qf4+ 21. Kb1 Qxf3 22. Rg1 Ra7 23. g6 fxg6 24. Bxg6+ Kd8 25. Bd3 Qf4 26. f3 Rd7 27. Be4 Bb7 28. Bxb7 Rxb7 29. Rd1+ Rd7 30. Rxd7+ Kxd7 31. Qg7+ Ke8 32. Qb7 Qd6 33. b3 Nd7 34. Qe4 Nb6 35. f4 Nd5 36. Qg6+ Kd8 37. f5 Qe5 0-1

[Event "Salento op 2nd"]
[Site "Gallipoli"]
[Date "2013.05.29"]
[Round "6"]
[White "Ranfagni, Stefano"]
[Black "Callier, Christophe"]
[Result "1-0"]
[WhiteElo "1994"]
[BlackElo "2102"]
[PlyCount "61"]
[EventDate "2013.05.25"]
[EventType "swiss"]
[EventRounds "9"]
[EventCountry "ITA"]
[SourceTitle "CBM 154 Extra"]
[Source "ChessBase"]
[SourceDate "2013.06.25"]
[SourceVersion "2"]
[SourceVersionDate "2013.06.25"]
[SourceQuality "1"]

1. c4 Nf6 2. Nc3 g6 3. g3 Bg7 4. Bg2 0-0 5. e4 d6 6. Nge2 c5 7. d3 Nc6 8. 0-0 Bd7 9. h3 Rb8 10. Be3 a6 11. a4 h6 12. Qd2 Kh7 13. f4 Qc8 14. Kh2 a5 15. g4 Bxg4 16. hxg4 Nxg4+ 17. Kg3 Nxe3 18. Qxe3 Nd4 19. Bh3 f5 20. Qf2 e5 21. Nxd4 exf4+ 22. Kg2 Bxd4 23. Qxf4 Qc6 24. Nd5 Be5 25. Qh4 g5 26. Bxf5+ Rxf5 27. Qh5 Rxf1 28. Rxf1 Qxa4 29. Rf7+ Bg7 30. Nf6+ Kh8 31. Qxh6+ 1-0

[Event "Salento op 2nd"]
[Site "Gallipoli"]
[Date "2013.05.26"]
[Round "2"]
[White "Valsecchi, Alessio"]
[Black "Callier, Christophe"]
[Result "1-0"]
[WhiteElo "2429"]
[BlackElo "2102"]
[PlyCount "51"]
[EventDate "2013.05.25"]
[EventType "swiss"]
[EventRounds "9"]
[EventCountry "ITA"]
[SourceTitle "CBM 154 Extra"]
[Source "ChessBase"]
[SourceDate "2013.06.25"]
[SourceVersion "2"]
[SourceVersionDate "2013.06.25"]
[SourceQuality "1"]

1. e4 d5 2. exd5 Qxd5 3. Nc3 Qd6 4. d4 Nf6 5. Nf3 a6 6. Ne5 Nc6 7. Bf4 Ng4 8. Be2 Ngxe5 9. dxe5 Nxe5 10. 0-0 Bf5 11. Qe1 c6 12. Bg3 Qf6 13. Na4 e6 14. Qa5 Nd7 15. Rad1 Qd8 16. Bc7 Qe7 17. c3 Bc2 18. Rd2 Bxa4 19. Qxa4 Nf6 20. Be5 Nd5 21. c4 Nb6 22. Qb3 Qb4 23. Qd3 Be7 24. a3 Qa4 25. Bc7 Nc8 26. Bd1 1-0

[Event "Forni di Sopra op 3rd"]
[Site "Forni di Sopra"]
[Date "2012.06.16"]
[Round "1"]
[White "Boscolo Meneguolo, Federico"]
[Black "Callier, Christophe"]
[Result "1-0"]
[WhiteElo "2300"]
[BlackElo "2034"]
[PlyCount "77"]
[EventDate "2012.06.16"]
[EventType "swiss"]
[EventRounds "9"]
[EventCountry "ITA"]
[SourceTitle "CBM 149 Extra"]
[Source "ChessBase"]
[SourceDate "2012.08.24"]
[SourceVersion "1"]
[SourceVersionDate "2012.08.24"]
[SourceQuality "1"]

1. e4 d5 2. exd5 Qxd5 3. Nc3 Qd6 4. d4 Nf6 5. Nf3 a6 6. Ne5 Nc6 7. Bf4 Ng4 8. Bc4 Ngxe5 9. dxe5 Nxe5 10. Bxf7+ Kxf7 11. Qh5+ g6 12. Qxe5 Bg7 13. Qe3 e5 14. Bg3 Bf5 15. 0-0 Rhe8 16. Rad1 Qc6 17. Rd5 Rad8 18. Rfd1 Rxd5 19. Rxd5 Bxc2 20. h3 Qb6 21. Rd7+ Kg8 22. Qxb6 cxb6 23. Rxb7 Re6 24. Nd5 b5 25. Nc7 Rc6 26. Nd5 Re6 27. Ra7 e4 28. b3 Bb1 29. a4 bxa4 30. bxa4 Bc2 31. a5 Bd3 32. Ne7+ Kf8 33. Nc8 Kg8 34. Bd6 Bd4 35. Rc7 Bxf2+ 36. Kxf2 e3+ 37. Ke1 Rf6 38. Ne7+ Kh8 39. Be5 1-0

[Event "Calvi Balagne op 08th"]
[Site "Calvi"]
[Date "2011.04.27"]
[Round "2"]
[White "Callier, Christophe"]
[Black "Demuth, Adrien"]
[Result "1-0"]
[WhiteElo "2011"]
[BlackElo "2375"]
[PlyCount "71"]
[EventDate "2011.04.26"]
[EventType "swiss"]
[EventRounds "8"]
[EventCountry "FRA"]
[SourceTitle "CBM 142 Extra"]
[Source "ChessBase"]
[SourceDate "2011.06.27"]
[SourceVersion "1"]
[SourceVersionDate "2011.06.27"]
[SourceQuality "1"]

1. e4 c5 2. Nf3 Nc6 3. d4 cxd4 4. Nxd4 Nf6 5. Nc3 d6 6. Bc4 e6 7. Bb3 Be7 8. Be3 0-0 9. Qe2 a6 10. 0-0-0 Qe8 11. Rhg1 Nd7 12. g4 Nc5 13. g5 b5 14. Qh5 Nxd4 15. Bxd4 Nxb3+ 16. axb3 e5 17. Be3 Be6 18. Rg3 f5 19. g6 hxg6 20. Rxg6 Qf7 21. Bh6 Bf6 22. Rdg1 f4 23. Bxg7 Bxg7 24. Qh6 Ra7 25. Rxg7+ Qxg7 26. Rxg7+ Rxg7 27. Qxe6+ Kh7 28. Qxd6 Rff7 29. Nd5 Rg1+ 30. Kd2 Rg2 31. Ke2 f3+ 32. Ke3 Rxh2 33. Qxe5 Rh6 34. c3 Rg6 35. Ne7 Rg1 36. Qh2+ 1-0

[Event "BEL-chT 0001"]
[Site "Belgium"]
[Date "2001.03.04"]
[Round "13"]
[White "Groffen, Hans"]
[Black "Callier, Christophe"]
[Result "1/2-1/2"]
[WhiteElo "2225"]
[BlackElo "2039"]
[PlyCount "91"]
[EventDate "2000.11.18"]
[EventType "team"]
[EventRounds "13"]
[EventCountry "BEL"]
[SourceTitle "CBM 081 Extra"]
[Source "ChessBase"]
[SourceDate "2001.05.06"]
[SourceVersion "1"]
[SourceVersionDate "2001.05.06"]
[SourceQuality "1"]

1. d4 Nf6 2. Bg5 Ne4 3. Bf4 d5 4. e3 e6 5. Bd3 c5 6. Bxe4 dxe4 7. Ne2 Nc6 8. 0-0 g5 9. Bg3 Bg7 10. Nbc3 cxd4 11. Nxe4 0-0 12. Bd6 Re8 13. Ba3 Qd5 14. Nd6 Rd8 15. e4 Qe5 16. f4 gxf4 17. Nxf4 Rxd6 18. Nd3 Qxe4 19. Bxd6 e5 20. Qh5 Qg6 21. Qxg6 hxg6 22. Rae1 f6 23. h3 b6 24. g4 Ba6 25. a4 Rc8 26. Rf2 Nb8 27. g5 Bxd3 28. cxd3 Nd7 29. gxf6 Bxf6 30. Rxf6 Nxf6 31. Bxe5 Nh5 32. Re4 Rc1+ 33. Kf2 Rc2+ 34. Re2 Rc8 35. Kf3 Rd8 36. Re4 Rf8+ 37. Kg4 Rf2 38. Rxd4 Kf7 39. Re4 Rd2 40. Re3 Nf6+ 41. Kg3 Nd5 42. Rf3+ Ke6 43. Bd4 Rd1 44. a5 bxa5 45. Bxa7 Nb4 46. b3 1/2-1/2

[Event "Cesenatico op 5th"]
[Site "Cesenatico"]
[Date "2000.09.10"]
[Round "9"]
[White "Wittstock, Bjoern"]
[Black "Callier, Christophe"]
[Result "0-1"]
[WhiteElo "2123"]
[BlackElo "2006"]
[PlyCount "112"]
[EventDate "2000.09.03"]
[EventType "swiss"]
[EventRounds "9"]
[EventCountry "ITA"]
[SourceTitle "CBM 078 Extra"]
[Source "ChessBase"]
[SourceDate "2000.11.10"]
[SourceVersion "1"]
[SourceVersionDate "2000.11.10"]
[SourceQuality "1"]

1. Nf3 Nf6 2. c4 g6 3. Nc3 Bg7 4. e4 d6 5. d4 0-0 6. Be2 e5 7. dxe5 dxe5 8. Qxd8 Rxd8 9. Bg5 Re8 10. Nd5 Nxd5 11. cxd5 c6 12. dxc6 Nxc6 13. Bb5 a6 14. Bxc6 bxc6 15. 0-0-0 Be6 16. Kb1 c5 17. Rc1 c4 18. Nd2 Rec8 19. Rc2 Rc7 20. Rhc1 Rac8 21. b3 f5 22. Nxc4 fxe4 23. Nd6 Rxc2 24. Rxc2 Rxc2 25. Kxc2 Bd5 26. Be3 Bf6 27. Nc4 Kf7 28. Kc3 Ke6 29. Kb4 Bd8 30. Kc5 Bc7 31. Bg5 Bb7 32. b4 Bd5 33. b5 axb5 34. Kxb5 e3 35. Bxe3 Bxg2 36. Bb6 Bb8 37. a4 h5 38. a5 Ba8 39. a6 e4 40. h4 Kd5 41. Be3 Bc6+ 42. Kb6 Ba8 43. Na3 Ke6 44. a7 Bd6 45. Nb5 Kd7 46. Nc3 Be7 47. Bg5 Bxg5 48. hxg5 h4 49. Ne2 h3 50. Ng3 h2 51. Kc5 e3 52. fxe3 h1Q 53. Nxh1 Bxh1 54. Kd4 Bb7 55. Ke5 Ke7 56. Kd4 Kd6 0-1

[Event "Cesenatico op 5th"]
[Site "Cesenatico"]
[Date "2000.09.07"]
[Round "6"]
[White "Callier, Christophe"]
[Black "Gori, Andrea"]
[Result "0-1"]
[WhiteElo "2006"]
[BlackElo "2201"]
[PlyCount "116"]
[EventDate "2000.09.03"]
[EventType "swiss"]
[EventRounds "9"]
[EventCountry "ITA"]
[SourceTitle "CBM 078 Extra"]
[Source "ChessBase"]
[SourceDate "2000.11.10"]
[SourceVersion "1"]
[SourceVersionDate "2000.11.10"]
[SourceQuality "1"]

1. e4 e5 2. Bc4 Nc6 3. Nf3 Bc5 4. b4 Bxb4 5. c3 Be7 6. Qb3 Na5 7. Bxf7+ Kf8 8. Qa4 Nc6 9. Bxg8 Kxg8 10. 0-0 h6 11. d4 d6 12. Nbd2 Kh7 13. dxe5 dxe5 14. Nc4 Bf6 15. Rd1 Qe8 16. Rb1 Qg6 17. Ne3 Rg8 18. Ba3 a6 19. Kh1 h5 20. Qc4 Bd8 21. Qe2 Qxe4 22. Rxd8 Qxb1+ 23. Rd1 Qg6 24. Nh4 Qg5 25. g3 g6 26. Bc1 Be6 27. Nf3 Qf6 28. Nd5 Bxd5 29. Rxd5 Rae8 30. Qe3 Rg7 31. Ng5+ Kg8 32. Ne4 Qf7 33. Rd7 Re7 34. Rxe7 Nxe7 35. Qd3 Nc6 36. Bh6 Qxa2 37. Nf6+ Kh8 38. Bxg7+ Kxg7 39. Ne8+ Kf8 40. Nxc7 Qf7 41. Qd6+ Qe7 42. Qxg6 Qxc7 43. Qxh5 Qf7 44. Qe2 a5 45. h4 Qf5 46. Qb2 Qf7 47. Kg1 Ke8 48. h5 Kd8 49. h6 Qh7 50. Qd2+ Kc7 51. Qg5 a4 52. Qc1 b5 53. g4 Qg6 54. f3 Nd8 55. Qe3 Qb6 56. Qxb6+ Kxb6 57. g5 Nf7 58. h7 Nh8 0-1